Administration of public administration in India. (Record no. 962)

MARC details
000 -LEADER
fixed length control field 00568cam a2200205ua 4500
008 - FIXED-LENGTH DATA ELEMENTS--GENERAL INFORMATION
fixed length control field 110427n ii |||gr||||Z||||||eng
040 ## - CATALOGING SOURCE
Transcribing agency MAIN
082 ## - DEWEY DECIMAL CLASSIFICATION NUMBER
Classification number 351
245 1# - TITLE STATEMENT
Title Administration of public administration in India.
Statement of responsibility, etc. By Jagdish Praskash.
250 ## - EDITION STATEMENT
Edition statement 1st.
260 ## - PUBLICATION, DISTRIBUTION, ETC.
Place of publication, distribution, etc. Delhi.:
Name of publisher, distributor, etc. Himalaya publishing.
300 ## - PHYSICAL DESCRIPTION
Extent 544 p.:
Dimensions 25 cm.
700 1# - ADDED ENTRY--PERSONAL NAME
Personal name Prakash. Jagdish.,
700 1# - ADDED ENTRY--PERSONAL NAME
Personal name Rao, Nageswar.,
700 1# - ADDED ENTRY--PERSONAL NAME
Personal name Shukla, Mata Badal.,
942 ## - ADDED ENTRY ELEMENTS (KOHA)
Koha item type Books
653 ## - INDEX TERM--UNCONTROLLED
Uncontrolled term Political science.
653 ## - INDEX TERM--UNCONTROLLED
Uncontrolled term Administration of public enterprises in India.
Holdings
Withdrawn status Lost status Damaged status Not for loan Home library Current library Shelving location Date acquired Total Checkouts Full call number Barcode Date last seen Copy number Price effective from Koha item type
        Central Library, Naharkatiya College Central Library, Naharkatiya College General Stacks 19/09/2020   351 | PRA 733 19/09/2020 1 19/09/2020 Books

Naharkatiya College © 2020. All rights reserved.

Powered By